000 00448nam a2200181Ia 4500
001 16613
005 20260306170322.0
008 260306t2018||||xx |||||||||||||| ||und||
041 _aESP
082 _a348.8
_bO26
100 _aObregón Sevillano, Tulio
_eAUT
245 0 _aManual de relaciones individuales del trabajo
260 _c2018
300 _a700 páginas :
_c25 cm.
650 _aGEN
654 _aCDE
942 _cLIB
_dJUS
_fJUS
_2ddc
_n
999 _c16613
_d16613